Marine and Offshore Engineering / (Record no. 3113)

000 -LEADER
fixed length control field 00753nam a2200277 a 4500
006 - FIXED-LENGTH DATA ELEMENTS--ADDITIONAL MATERIAL CHARACTERISTICS--GENERAL INFORMATION
fixed length control field a||||gr|||| 001 0
007 - PHYSICAL DESCRIPTION FIXED FIELD--GENERAL INFORMATION
fixed length control field ta
008 - FIXED-LENGTH DATA ELEMENTS--GENERAL INFORMATION
fixed length control field 250130s2015 ii a|||gr|||| 001 0 eng d
020 ## - INTERNATIONAL STANDARD BOOK NUMBER
International Standard Book Number 9788189729103
Terms of availability Rs. 1300.00
040 ## - CATALOGING SOURCE
Original cataloging agency IMU Kochi Library
Language of cataloging eng
041 0# - LANGUAGE CODE
Language code of text/sound track or separate title eng
044 ## - COUNTRY OF PUBLISHING/PRODUCING ENTITY CODE
MARC country code India
082 04 - DEWEY DECIMAL CLASSIFICATION NUMBER
Edition number 23
Classification number 627.98
Item number R1412
100 1# - MAIN ENTRY--PERSONAL NAME
Personal name Ramakrishnan, T. V.
245 10 - TITLE STATEMENT
Title Marine and Offshore Engineering /
260 ## - PUBLICATION, DISTRIBUTION, ETC. (IMPRINT)
Place of publication, distribution, etc New Delhi :
Name of publisher, distributor, etc Gene-Tech Books,
Date of publication, distribution, etc 2015
300 ## - PHYSICAL DESCRIPTION
Extent vii, 302 p. :
Other physical details ill. ;
Dimensions 22 cm.
500 ## - GENERAL NOTE
General note Includes index.
650 #0 - SUBJECT ADDED ENTRY--TOPICAL TERM
Topical term or geographic name as entry element Offshore structures
General subdivision Design and construction
650 #0 - SUBJECT ADDED ENTRY--TOPICAL TERM
Topical term or geographic name as entry element Hydraulic engineering
650 #0 - SUBJECT ADDED ENTRY--TOPICAL TERM
Topical term or geographic name as entry element Ocean engineering
852 ## - LOCATION/CALL NUMBER
Location IMU Kochi Library
904 ## - LOCAL DATA ELEMENT D, LDD (RLIN)
CATALOGER Rudra Ranjan
905 ## - LOCAL DATA ELEMENT E, LDE (RLIN)
VERIFIER Rudra Ranjan
942 ## - ADDED ENTRY ELEMENTS (KOHA)
Item type Books
Holdings
Withdrawn status Lost status Source of classification or shelving scheme Damaged status Not for loan Collection code Permanent location Current location Shelving location Date acquired Source of acquisition Cost, normal purchase price Full call number Barcode Date last seen Koha item type Public note
          Engineering IMU Kochi Library IMU Kochi Library General Stacks 2025-01-29 M/s Technical Bureau India Pvt Ltd. (Inv. No. TB3603 Dt. 21-01-2025) 1300.00 627.98 R1412 BK006824 2025-01-30 Books Gen. Shelf-14, Row-6
          Engineering IMU Kochi Library IMU Kochi Library General Stacks 2025-01-29 M/s Technical Bureau India Pvt Ltd. (Inv. No. TB3603 Dt. 21-01-2025) 1300.00 627.98 R1412 BK006825 2025-01-30 Books Gen. Shelf-14, Row-6
          Engineering IMU Kochi Library IMU Kochi Library General Stacks 2025-01-29 M/s Technical Bureau India Pvt Ltd. (Inv. No. TB3603 Dt. 21-01-2025) 1300.00 627.98 R1412 BK006826 2025-01-30 Books Gen. Shelf-14, Row-6
          Engineering IMU Kochi Library IMU Kochi Library General Stacks 2025-01-29 M/s Technical Bureau India Pvt Ltd. (Inv. No. TB3603 Dt. 21-01-2025) 1300.00 627.98 R1412 BK006827 2025-01-30 Books Gen. Shelf-14, Row-6
          Engineering IMU Kochi Library IMU Kochi Library General Stacks 2025-01-29 M/s Technical Bureau India Pvt Ltd. (Inv. No. TB3603 Dt. 21-01-2025) 1300.00 627.98 R1412 BK006828 2025-01-30 Books Gen. Shelf-14, Row-6


Copyright © All Rights Reserved by Indian Maritime University, Kochi Campus.
For any Suggestions/Query Contact to library or Email: library.kochi@imu.ac.in Ph:(0484)-2989402
(Web OPAC Designed by Rudra Ranjan. Maintained by IMU Kochi Library)

Powered by Koha